Zamestnanci a zmeny v organizácii

V pracovnom procese dochádza k rozličným zmenám. V konečnom dôsledku najdôležitejším nositeľom zmeny je práve zamestnanec. Rôzny prístup zamestnancov k zmenám. Dôvody odmietania zmien zo strany zamestnancov. Vypracovanie prijateľnej stratégie, ktorá pripraví pôdu na zmenu.

Na minha lista:
Detalhes bibliográficos
Autor principal: Adamková, Hana, 1969-
Formato: Capítulo de Livro
Idioma:eslovaco
Assuntos:
Tags: Adicionar Tag
Sem tags, seja o primeiro a adicionar uma tag!

MARC

LEADER 00000naa$a2200000$$$4500
001 0027195
005 20240502071428.1
041 0 |a slo 
044 |a SK 
245 1 0 |a Zamestnanci a zmeny v organizácii  |c Hana Adamková 
520 |a V pracovnom procese dochádza k rozličným zmenám. V konečnom dôsledku najdôležitejším nositeľom zmeny je práve zamestnanec. Rôzny prístup zamestnancov k zmenám. Dôvody odmietania zmien zo strany zamestnancov. Vypracovanie prijateľnej stratégie, ktorá pripraví pôdu na zmenu. 
610 2 0 |a zmeny organizačné 
610 2 0 |a proces pracovný 
610 2 0 |a zamestnanci 
610 2 0 |a postoje 
610 2 0 |a komunikácia 
610 2 0 |a stratégia inovačná 
100 1 |a Adamková, Hana, 1969-